[Event "Wroclaw"]
[Site "?"]
[Date "2020.08.25"]
[Round "3.8"]
[White "Sanz Wawer, Daniel"]
[Black "Kokoszczynski, Jan"]
[Result "1/2-1/2"]
[BlackElo "2013"]
[WhiteElo "2220"]
[LiveChessVersion "1.4.8"]

1. d4 {[%clk 0:15:18]} d5 {[%clk 0:15:20]} 2. c4 {[%clk 0:15:27]} dxc4
{[%clk 0:15:28]} 3. Nf3 {[%clk 0:15:36]} Nf6 {[%clk 0:15:36]} 4. e3
{[%clk 0:15:44]} Bg4 {[%clk 0:15:45]} 5. Bxc4 {[%clk 0:15:45]} e6
{[%clk 0:15:50]} 6. O-O {[%clk 0:15:46]} Nbd7 {[%clk 0:15:56]} 7. Nc3
{[%clk 0:15:25]} c6 {[%clk 0:15:49]} 8. h3 {[%clk 0:15:27]} Bh5 {[%clk 0:15:50]}
9. Qe2 {[%clk 0:15:08]} Bxf3 {[%clk 0:14:33]} 10. Qxf3 {[%clk 0:15:08]} Bd6
{[%clk 0:14:42]} 11. e4 {[%clk 0:13:28]} e5 {[%clk 0:14:47]} 12. d5
{[%clk 0:13:07]} O-O {[%clk 0:14:12]} 13. dxc6 {[%clk 0:13:06]} bxc6
{[%clk 0:14:21]} 14. Rd1 {[%clk 0:12:45]} Qe7 {[%clk 0:14:25]} 15. Bg5
{[%clk 0:12:39]} h6 {[%clk 0:13:59]} 16. Bh4 {[%clk 0:12:29]} Rfd8
{[%clk 0:13:17]} 17. Ne2 {[%clk 0:12:06]} g6 {[%clk 0:12:06]} 18. Rd2
{[%clk 0:11:42]} g5 {[%clk 0:11:12]} 19. Bg3 {[%clk 0:09:21]} Nc5
{[%clk 0:11:15]} 20. Nc3 {[%clk 0:09:20]} Kg7 {[%clk 0:10:14]} 21. Qf5
{[%clk 0:08:05]} Nh5 {[%clk 0:08:39]} 22. Bh2 {[%clk 0:08:14]} Nf4
{[%clk 0:08:13]} 23. Bxf4 {[%clk 0:08:02]} exf4 {[%clk 0:08:01]} 24. Rad1
{[%clk 0:06:28]} Bc7 {[%clk 0:03:07]} 25. Rxd8 {[%clk 0:05:52]} Rxd8
{[%clk 0:03:16]} 26. Rxd8 {[%clk 0:05:58]} Bxd8 {[%clk 0:03:23]} 27. Bxf7
{[%clk 0:04:45]} Qxf7 {[%clk 0:02:51]} 28. Qxc5 {[%clk 0:04:53]} f3
{[%clk 0:02:39]} 29. Qd4+ {[%clk 0:03:43]} Bf6 {[%clk 0:02:18]} 30. e5
{[%clk 0:03:49]} Be7 {[%clk 0:02:25]} 31. e6+ {[%clk 0:01:40]} Qf6
{[%clk 0:02:08]} 32. Qd7 {[%clk 0:01:42]} Kf8 {[%clk 0:02:17]} 33. Qc8+
{[%clk 0:01:31]} Kg7 {[%clk 0:02:25]} 34. Qxc6 {[%clk 0:01:26]} fxg2
{[%clk 0:02:31]} 35. Nd5 {[%clk 0:00:42]} Qf3 {[%clk 0:02:33]} 36. Qc3+
{[%clk 0:00:20]} Qxc3 {[%clk 0:01:28]} 37. Nxc3 {[%clk 0:00:29]} Bf6
{[%clk 0:01:27]} 38. Kxg2 {[%clk 0:00:24]} Bd4 {[%clk 0:01:36]} 39. Kf3
{[%clk 0:00:17]} Kf6 {[%clk 0:01:45]} 40. Nb5 {[%clk 0:00:16]} Bb6
{[%clk 0:01:08]} 41. Nc3 {[%clk 0:00:15]} Kxe6 {[%clk 0:01:14]} 42. Ne4
{[%clk 0:00:22]} Ke5 {[%clk 0:01:10]} 43. Ng3 {[%clk 0:00:27]} a5
{[%clk 0:01:03]} 44. Ne2 {[%clk 0:00:17]} Kf5 {[%clk 0:00:56]} 45. Nc3
{[%clk 0:00:20]} Bd4 {[%clk 0:00:57]} 46. Nd1 {[%clk 0:00:27]} h5
{[%clk 0:00:22]} 47. b3 {[%clk 0:00:35]} g4+ {[%clk 0:00:27]} 48. hxg4+
{[%clk 0:00:43]} hxg4+ {[%clk 0:00:37]} 49. Ke2 {[%clk 0:00:38]} Ke4
{[%clk 0:00:40]} 50. Ne3 {[%clk 0:00:17]} g3 {[%clk 0:00:37]} 51. f3+
{[%clk 0:00:25]} Ke5 {[%clk 0:00:24]} 52. Ng2 {[%clk 0:00:32]} Bb6
{[%clk 0:00:16]} 53. Kd3 {[%clk 0:00:36]} Bd8 {[%clk 0:00:16]} 54. f4+
{[%clk 0:00:25]} Kf5 {[%clk 0:00:21]} 55. Ke3 {[%clk 0:00:30]} Kg4
{[%clk 0:00:23]} 56. Ke4 {[%clk 0:00:34]} Bf6 {[%clk 0:00:20]} 57. Ne3+
{[%clk 0:00:34]} Kh3 {[%clk 0:00:29]} 58. Kf3 {[%clk 0:00:43]} Bc3
{[%clk 0:00:29]} 59. f5 {[%clk 0:00:45]} Bd4 {[%clk 0:00:37]} 60. Ng2
{[%clk 0:00:47]} Bb2 {[%clk 0:00:30]} 61. Nf4+ {[%clk 0:00:34]} Kh2
{[%clk 0:00:39]} 62. Ng2 {[%clk 0:00:27]} Kh3 {[%clk 0:00:47]} 63. Ne1
{[%clk 0:00:36]} Kh2 {[%clk 0:00:43]} 64. Ng2 {[%clk 0:00:27]} Kh3
{[%clk 0:00:50]} 65. Ne3 {[%clk 0:00:26]} Bd4 {[%clk 0:00:52]} 66. Ng2
{[%clk 0:00:19]} Bb2 {[%clk 0:01:00]} 67. Nf4+ 1/2-1/2

[Event "Wroclaw"]
[Site "?"]
[Date "2020.08.25"]
[Round "3.9"]
[White "Musial, Tomasz"]
[Black "Lewandowski, Wiktor"]
[Result "1-0"]
[BlackElo "1604"]
[WhiteElo "1958"]
[LiveChessVersion "1.4.8"]

1. d4 {[%clk 0:15:18]} d5 {[%clk 0:15:19]} 2. c4 {[%clk 0:15:27]} c6
{[%clk 0:15:29]} 3. Nf3 {[%clk 0:15:35]} Nf6 {[%clk 0:15:38]} 4. e3
{[%clk 0:15:43]} e6 {[%clk 0:15:46]} 5. Nbd2 {[%clk 0:15:48]} Be7
{[%clk 0:15:52]} 6. Bd3 {[%clk 0:15:55]} O-O {[%clk 0:15:58]} 7. O-O
{[%clk 0:16:01]} b6 {[%clk 0:16:05]} 8. e4 {[%clk 0:15:56]} dxe4 {[%clk 0:15:46]}
9. Nxe4 {[%clk 0:16:04]} Nxe4 {[%clk 0:15:44]} 10. Bxe4 {[%clk 0:16:12]} Bb7
{[%clk 0:15:10]} 11. Ne5 {[%clk 0:15:13]} Bf6 {[%clk 0:13:50]} 12. Bf4
{[%clk 0:13:24]} Qe7 {[%clk 0:11:29]} 13. Qh5 {[%clk 0:11:26]} g6
{[%clk 0:10:40]} 14. Qf3 {[%clk 0:11:24]} Rc8 {[%clk 0:08:43]} 15. Rad1
{[%clk 0:09:32]} Bg7 {[%clk 0:06:42]} 16. c5 {[%clk 0:07:52]} f5 {[%clk 0:05:23]}
17. Bc2 {[%clk 0:06:51]} Nd7 {[%clk 0:05:13]} 18. Rfe1 {[%clk 0:06:17]} Nxe5
{[%clk 0:04:37]} 19. Bxe5 {[%clk 0:06:22]} Bxe5 {[%clk 0:03:40]} 20. Rxe5
{[%clk 0:06:25]} Rd8 {[%clk 0:02:33]} 21. Bb3 {[%clk 0:06:12]} Kh8
{[%clk 0:02:18]} 22. Rxe6 {[%clk 0:05:08]} Qg7 {[%clk 0:02:27]} 23. Qe2
{[%clk 0:03:14]} Rab8 {[%clk 0:01:21]} 24. Re7 {[%clk 0:03:11]} Qf6
{[%clk 0:01:21]} 25. Rf7 {[%clk 0:03:13]} 1-0

[Event "Wroclaw"]
[Site "?"]
[Date "2020.08.25"]
[Round "3.10"]
[White "Grochol, Kamil"]
[Black "Psyk, Radoslaw"]
[Result "0-1"]
[BlackElo "2236"]
[WhiteElo "1711"]
[LiveChessVersion "1.4.8"]

1. d4 {[%clk 0:15:19]} Nf6 {[%clk 0:15:18]} 2. Bf4 {[%clk 0:15:27]} d5
{[%clk 0:15:23]} 3. e3 {[%clk 0:15:35]} c5 {[%clk 0:15:29]} 4. c3
{[%clk 0:15:42]} Nc6 {[%clk 0:15:37]} 5. Nd2 {[%clk 0:15:51]} e6 {[%clk 0:15:46]}
6. Ngf3 {[%clk 0:15:59]} Bd6 {[%clk 0:15:54]} 7. Bg3 {[%clk 0:16:07]} Qe7
{[%clk 0:15:54]} 8. Ne5 {[%clk 0:15:01]} Nd7 {[%clk 0:15:47]} 9. Qa4
{[%clk 0:11:55]} Ndxe5 {[%clk 0:12:04]} 10. dxe5 {[%clk 0:09:16]} Bc7
{[%clk 0:12:09]} 11. Qg4 {[%clk 0:08:40]} g5 {[%clk 0:09:02]} 12. h4
{[%clk 0:07:42]} Nxe5 {[%clk 0:07:48]} 13. Bxe5 {[%clk 0:07:10]} Bxe5
{[%clk 0:07:54]} 14. hxg5 {[%clk 0:07:18]} Bd7 {[%clk 0:07:48]} 15. Bd3
{[%clk 0:07:04]} O-O-O {[%clk 0:06:56]} 16. O-O-O {[%clk 0:05:08]} c4
{[%clk 0:03:21]} 17. Bc2 {[%clk 0:04:26]} Bg7 {[%clk 0:01:54]} 18. Rxh7
{[%clk 0:03:24]} e5 {[%clk 0:00:49]} 19. Qg3 {[%clk 0:02:38]} Rxh7
{[%clk 0:00:48]} 20. Bxh7 {[%clk 0:02:46]} e4 {[%clk 0:00:43]} 21. f4
{[%clk 0:02:04]} Bxc3 {[%clk 0:00:18]} 22. Nb1 {[%clk 0:01:03]} Bg7
{[%clk 0:00:17]} 23. Rxd5 {[%clk 0:00:48]} Rh8 {[%clk 0:00:17]} 24. Bf5
{[%clk 0:00:14]} Bxf5 {[%clk 0:00:25]} 25. Rxf5 {[%clk 0:00:23]} Rh1+
{[%clk 0:00:33]} 26. Kc2 {[%clk 0:00:30]} Qd6 {[%clk 0:00:25]} 0-1

[Event "Wroclaw"]
[Site "?"]
[Date "2020.08.25"]
[Round "3.11"]
[White "Golenia, Wojciech"]
[Black "Dixa, Oskar"]
[Result "0-1"]
[BlackElo "1671"]
[WhiteElo "1988"]
[LiveChessVersion "1.4.8"]

1. d4 {[%clk 0:15:18]} Nf6 {[%clk 0:15:15]} 2. Bf4 {[%clk 0:15:26]} d5
{[%clk 0:15:18]} 3. e3 {[%clk 0:15:34]} e6 {[%clk 0:15:27]} 4. Nf3
{[%clk 0:15:39]} Bd6 {[%clk 0:15:32]} 5. Nbd2 {[%clk 0:15:45]} Bxf4
{[%clk 0:15:34]} 6. exf4 {[%clk 0:15:53]} Nbd7 {[%clk 0:15:43]} 7. Bd3
{[%clk 0:15:18]} c5 {[%clk 0:15:48]} 8. c3 {[%clk 0:15:15]} cxd4 {[%clk 0:15:53]}
9. cxd4 {[%clk 0:15:17]} b6 {[%clk 0:15:52]} 10. Ne5 {[%clk 0:15:10]} Bb7
{[%clk 0:15:44]} 11. O-O {[%clk 0:13:56]} O-O {[%clk 0:15:51]} 12. Rc1
{[%clk 0:12:51]} Rc8 {[%clk 0:15:55]} 13. Ndf3 {[%clk 0:11:54]} Ne4
{[%clk 0:15:50]} 14. Qa4 {[%clk 0:11:35]} Nxe5 {[%clk 0:15:15]} 15. Nxe5
{[%clk 0:09:08]} a5 {[%clk 0:13:28]} 16. Qd7 {[%clk 0:08:08]} Ba8
{[%clk 0:11:36]} 17. Ba6 {[%clk 0:07:52]} Rxc1 {[%clk 0:09:39]} 18. Rxc1
{[%clk 0:07:24]} Nf6 {[%clk 0:08:52]} 19. Qa7 {[%clk 0:04:33]} Qb8
{[%clk 0:07:55]} 20. Rc7 {[%clk 0:04:11]} Qxa7 {[%clk 0:07:23]} 21. Rxa7
{[%clk 0:04:19]} g6 {[%clk 0:07:02]} 22. g4 {[%clk 0:03:52]} Ne4 {[%clk 0:05:16]}
23. Nd7 {[%clk 0:03:18]} Rd8 {[%clk 0:05:24]} 24. Bd3 {[%clk 0:02:10]} Bc6
{[%clk 0:05:05]} 25. Ne5 {[%clk 0:01:35]} Be8 {[%clk 0:05:14]} 26. Bxe4
{[%clk 0:01:37]} dxe4 {[%clk 0:05:22]} 27. g5 {[%clk 0:01:39]} Rxd4
{[%clk 0:05:12]} 28. Ng4 {[%clk 0:01:46]} Kf8 {[%clk 0:04:01]} 29. Nf6
{[%clk 0:01:43]} Bc6 {[%clk 0:04:09]} 30. Rc7 {[%clk 0:01:13]} Bd5
{[%clk 0:03:46]} 31. Kf1 {[%clk 0:00:33]} Bxa2 {[%clk 0:02:07]} 32. Ke2
{[%clk 0:00:25]} Rd8 {[%clk 0:01:36]} 33. Nxh7+ {[%clk 0:00:28]} Kg7
{[%clk 0:01:38]} 34. Nf6 {[%clk 0:00:37]} Bb1 {[%clk 0:01:38]} 35. Nd7
{[%clk 0:00:31]} e5 {[%clk 0:00:36]} 36. Nxe5 {[%clk 0:00:32]} Ba2
{[%clk 0:00:45]} 37. Rb7 {[%clk 0:00:15]} Rd6 {[%clk 0:00:51]} 38. Ke3
{[%clk 0:00:23]} Be6 {[%clk 0:00:53]} 39. h4 {[%clk 0:00:21]} a4 {[%clk 0:01:01]}
40. Kxe4 {[%clk 0:00:13]} Bd5+ {[%clk 0:01:10]} 0-1

[Event "Wroclaw"]
[Site "?"]
[Date "2020.08.25"]
[Round "4.1"]
[White "Szpar, Milosz"]
[Black "Teclaf, Pawel"]
[Result "0-1"]
[BlackElo "2382"]
[WhiteElo "2262"]
[LiveChessVersion "1.4.8"]

1. c4 {[%clk 0:15:17]} Nf6 {[%clk 0:15:15]} 2. Nf3 {[%clk 0:15:25]} g6
{[%clk 0:14:48]} 3. Nc3 {[%clk 0:15:24]} Bg7 {[%clk 0:14:57]} 4. e4
{[%clk 0:14:49]} c5 {[%clk 0:15:06]} 5. d4 {[%clk 0:14:32]} Qa5 {[%clk 0:15:15]}
6. Bd2 {[%clk 0:14:42]} cxd4 {[%clk 0:15:17]} 7. Nxd4 {[%clk 0:14:47]} O-O
{[%clk 0:15:19]} 8. Nb3 {[%clk 0:13:42]} Qd8 {[%clk 0:15:20]} 9. Be2
{[%clk 0:12:08]} Nc6 {[%clk 0:15:26]} 10. O-O {[%clk 0:11:44]} d6
{[%clk 0:15:34]} 11. f4 {[%clk 0:10:58]} a5 {[%clk 0:14:53]} 12. Be3
{[%clk 0:09:08]} a4 {[%clk 0:14:05]} 13. Nd4 {[%clk 0:07:45]} Qb6
{[%clk 0:12:48]} 14. Nc2 {[%clk 0:05:50]} Qxb2 {[%clk 0:11:06]} 15. Rb1
{[%clk 0:04:20]} Qxc3 {[%clk 0:11:14]} 16. Bd2 {[%clk 0:04:29]} Nxe4
{[%clk 0:11:16]} 17. Bxc3 {[%clk 0:04:37]} Nxc3 {[%clk 0:11:24]} 18. Qd2
{[%clk 0:04:29]} Nxb1 {[%clk 0:10:33]} 19. Rxb1 {[%clk 0:04:38]} a3
{[%clk 0:10:03]} 20. Rb3 {[%clk 0:04:39]} Bb2 {[%clk 0:10:01]} 21. Bf3
{[%clk 0:04:03]} Bf5 {[%clk 0:09:34]} 22. Rxb7 {[%clk 0:03:48]} Na5
{[%clk 0:09:04]} 23. Rb4 {[%clk 0:02:49]} Rab8 {[%clk 0:08:05]} 24. Ra4
{[%clk 0:01:59]} Bxc2 {[%clk 0:05:34]} 25. Qxc2 {[%clk 0:02:08]} Nb7
{[%clk 0:05:43]} 26. Bxb7 {[%clk 0:01:34]} Rxb7 {[%clk 0:05:52]} 27. Qe4
{[%clk 0:01:24]} Rbb8 {[%clk 0:04:42]} 28. h4 {[%clk 0:01:33]} e6
{[%clk 0:04:38]} 29. Kh2 {[%clk 0:01:24]} h5 {[%clk 0:04:23]} 30. Ra6
{[%clk 0:01:20]} Rfd8 {[%clk 0:04:31]} 31. Qc6 {[%clk 0:00:59]} Bc1
{[%clk 0:04:04]} 32. Qf3 {[%clk 0:00:39]} Rb4 {[%clk 0:03:52]} 33. Ra8
{[%clk 0:00:14]} Rxa8 {[%clk 0:03:53]} 34. Qxa8+ {[%clk 0:00:23]} Kg7
{[%clk 0:03:44]} 35. Qe4 {[%clk 0:00:31]} d5 {[%clk 0:03:52]} 36. Qe5+
{[%clk 0:00:36]} Rxc4 {[%clk 0:03:44]} 37. g3+ {[%clk 0:00:36]} Kh7
{[%clk 0:03:51]} 38. Qf6 {[%clk 0:00:33]} Rc7 {[%clk 0:03:59]} 39. Kh3
{[%clk 0:00:28]} Bb2 {[%clk 0:04:06]} 40. Qd8 Rc1 {[%clk 0:03:52]} 41. Qf8
{[%clk 0:00:45]} Rc7 {[%clk 0:03:56]} 42. Qd8 {[%clk 0:00:42]} Rc2
{[%clk 0:03:57]} 43. Qf8 {[%clk 0:00:47]} Bg7 {[%clk 0:03:54]} 44. Qxa3
{[%clk 0:00:54]} d4 {[%clk 0:02:35]} 45. Qa7 {[%clk 0:00:20]} d3 {[%clk 0:02:30]}
46. Qd7 {[%clk 0:00:16]} d2 {[%clk 0:02:31]} 47. a4 {[%clk 0:00:25]} Kh6
{[%clk 0:01:40]} 48. a5 {[%clk 0:00:33]} Bc3 {[%clk 0:01:41]} 49. a6
{[%clk 0:00:27]} Ra2 {[%clk 0:01:44]} 50. Qd3 {[%clk 0:00:31]} Kh7
{[%clk 0:01:51]} 51. Qd7 {[%clk 0:00:22]} Ra1 {[%clk 0:01:41]} 52. Qxf7+
{[%clk 0:00:24]} Bg7 {[%clk 0:01:50]} 0-1

[Event "Wroclaw"]
[Site "?"]
[Date "2020.08.25"]
[Round "4.2"]
[White "Godzwon, Iwo"]
[Black "Kozak, Antoni"]
[Result "1-0"]
[BlackElo "2270"]
[WhiteElo "2278"]
[LiveChessVersion "1.4.8"]

1. e4 {[%clk 0:15:19]} c5 {[%clk 0:15:07]} 2. Nf3 {[%clk 0:15:27]} d6
{[%clk 0:15:16]} 3. d4 {[%clk 0:15:36]} Nf6 {[%clk 0:15:24]} 4. Nc3
{[%clk 0:15:44]} cxd4 {[%clk 0:15:33]} 5. Nxd4 {[%clk 0:15:52]} a6
{[%clk 0:15:42]} 6. Be3 {[%clk 0:15:59]} e5 {[%clk 0:15:43]} 7. Nb3
{[%clk 0:16:08]} Be6 {[%clk 0:15:51]} 8. Qd2 {[%clk 0:16:16]} Nbd7
{[%clk 0:15:59]} 9. f4 {[%clk 0:16:24]} Qc7 {[%clk 0:15:50]} 10. O-O-O
{[%clk 0:15:59]} Be7 {[%clk 0:15:35]} 11. f5 {[%clk 0:13:48]} Bc4
{[%clk 0:15:44]} 12. g4 {[%clk 0:13:57]} h6 {[%clk 0:15:11]} 13. Rg1
{[%clk 0:13:21]} b5 {[%clk 0:15:04]} 14. Kb1 {[%clk 0:11:06]} b4 {[%clk 0:14:32]}
15. Nd5 {[%clk 0:10:44]} Nxd5 {[%clk 0:14:38]} 16. exd5 {[%clk 0:10:52]} a5
{[%clk 0:14:36]} 17. g5 {[%clk 0:10:52]} hxg5 {[%clk 0:13:16]} 18. Bxg5
{[%clk 0:11:00]} Bxg5 {[%clk 0:10:38]} 19. Rxg5 {[%clk 0:09:48]} Kf8
{[%clk 0:10:28]} 20. Qg2 {[%clk 0:08:02]} Rh7 {[%clk 0:10:35]} 21. Bxc4
{[%clk 0:08:05]} Qxc4 {[%clk 0:10:43]} 22. Rg1 {[%clk 0:08:14]} Nf6
{[%clk 0:10:38]} 23. Rxg7 {[%clk 0:06:27]} Rxg7 {[%clk 0:10:46]} 24. Qxg7+
{[%clk 0:06:36]} Ke7 {[%clk 0:10:56]} 25. Qh6 {[%clk 0:06:44]} a4
{[%clk 0:10:52]} 26. Nc1 {[%clk 0:05:51]} a3 {[%clk 0:08:09]} 27. Rd1
{[%clk 0:04:55]} axb2 {[%clk 0:06:01]} 28. Kxb2 {[%clk 0:05:04]} Qc3+
{[%clk 0:04:07]} 29. Kb1 {[%clk 0:05:12]} Ra5 {[%clk 0:04:16]} 30. Qg5
{[%clk 0:04:53]} Rc5 {[%clk 0:04:06]} 31. Rd2 {[%clk 0:04:56]} Rc4
{[%clk 0:03:50]} 32. Ne2 {[%clk 0:02:52]} Rg4 {[%clk 0:03:34]} 33. Nxc3
{[%clk 0:02:42]} Rxg5 {[%clk 0:03:40]} 34. Nb5 {[%clk 0:01:45]} Rxf5
{[%clk 0:03:34]} 35. Kb2 {[%clk 0:01:55]} e4 {[%clk 0:03:01]} 36. c4
{[%clk 0:02:04]} e3 {[%clk 0:02:16]} 37. Re2 {[%clk 0:02:12]} Rf2
{[%clk 0:02:25]} 38. Nd4 {[%clk 0:02:22]} Ng4 {[%clk 0:02:28]} 39. Kb3
{[%clk 0:02:09]} Rxe2 {[%clk 0:02:00]} 40. Nxe2 {[%clk 0:02:18]} Nxh2
{[%clk 0:02:09]} 41. Kxb4 {[%clk 0:02:27]} f5 {[%clk 0:02:00]} 42. c5
{[%clk 0:01:50]} Nf1 {[%clk 0:01:26]} 43. a4 {[%clk 0:01:20]} Kd7
{[%clk 0:01:07]} 44. c6+ {[%clk 0:00:59]} Kc7 {[%clk 0:01:16]} 45. Kc3
{[%clk 0:01:08]} Nd2 {[%clk 0:01:08]} 46. Kd3 {[%clk 0:01:13]} Ne4
{[%clk 0:01:17]} 47. Kxe3 {[%clk 0:01:19]} Nc3 {[%clk 0:01:26]} 48. Nxc3
{[%clk 0:01:28]} 1-0

[Event "Wroclaw"]
[Site "?"]
[Date "2020.08.25"]
[Round "4.3"]
[White "Warchol, Bartosz"]
[Black "Mis, Mieszko"]
[Result "1/2-1/2"]
[BlackElo "2258"]
[WhiteElo "1704"]
[LiveChessVersion "1.4.8"]

1. d4 {[%clk 0:15:18]} Nf6 {[%clk 0:15:18]} 2. c4 {[%clk 0:15:19]} e6
{[%clk 0:15:26]} 3. Nf3 {[%clk 0:15:27]} d5 {[%clk 0:15:25]} 4. g3
{[%clk 0:15:35]} dxc4 {[%clk 0:15:25]} 5. Bg2 {[%clk 0:15:36]} Bb4+
{[%clk 0:15:28]} 6. Bd2 {[%clk 0:15:32]} c5 {[%clk 0:15:35]} 7. O-O
{[%clk 0:14:36]} O-O {[%clk 0:15:29]} 8. Qc2 {[%clk 0:14:12]} Bxd2
{[%clk 0:13:49]} 9. Nbxd2 {[%clk 0:13:49]} cxd4 {[%clk 0:13:47]} 10. Nxc4
{[%clk 0:13:00]} Nc6 {[%clk 0:13:55]} 11. Rfd1 {[%clk 0:12:24]} Re8
{[%clk 0:13:40]} 12. Nfe5 {[%clk 0:10:50]} Nxe5 {[%clk 0:13:41]} 13. Nxe5
{[%clk 0:10:58]} Qd6 {[%clk 0:13:07]} 14. f4 {[%clk 0:10:24]} Qb6
{[%clk 0:10:08]} 15. Qd2 {[%clk 0:09:02]} Rd8 {[%clk 0:08:28]} 16. Rac1
{[%clk 0:07:59]} d3+ {[%clk 0:07:05]} 17. Kh1 {[%clk 0:05:54]} Bd7
{[%clk 0:05:42]} 18. exd3 {[%clk 0:04:17]} Rac8 {[%clk 0:03:54]} 19. Rc3
{[%clk 0:02:41]} Rxc3 {[%clk 0:03:19]} 20. bxc3 {[%clk 0:02:24]} Ba4
{[%clk 0:03:26]} 21. Re1 {[%clk 0:02:13]} Bc6 {[%clk 0:03:08]} 22. Bxc6
{[%clk 0:01:25]} bxc6 {[%clk 0:03:18]} 23. Qg2 {[%clk 0:01:25]} c5
{[%clk 0:02:56]} 24. h3 {[%clk 0:00:28]} Nd5 {[%clk 0:02:42]} 25. c4
{[%clk 0:00:25]} Nb4 {[%clk 0:02:50]} 26. Rb1 Qd6 {[%clk 0:02:37]} 27. Qe4
{[%clk 0:00:20]} f6 {[%clk 0:02:18]} 28. a3 {[%clk 0:00:19]} Na2 {[%clk 0:01:35]}
29. Nc6 {[%clk 0:00:14]} Nc3 {[%clk 0:01:36]} 30. Qf3 {[%clk 0:00:13]} Nxb1
{[%clk 0:01:39]} 31. Nxd8 {[%clk 0:00:21]} Qxd8 {[%clk 0:01:46]} 32. Qc6
{[%clk 0:00:22]} Qe7 {[%clk 0:01:22]} 33. a4 {[%clk 0:00:19]} Nc3
{[%clk 0:01:04]} 34. a5 {[%clk 0:00:26]} h5 {[%clk 0:00:53]} 35. a6
{[%clk 0:00:34]} Kh7 {[%clk 0:01:01]} 36. Qb7 {[%clk 0:00:36]} Qd6
{[%clk 0:01:09]} 37. Qxa7 {[%clk 0:00:38]} Qxd3 {[%clk 0:01:03]} 38. Qxc5
{[%clk 0:00:29]} Ne4 {[%clk 0:00:31]} 39. Qxh5+ {[%clk 0:00:36]} Kg8
{[%clk 0:00:40]} 1/2-1/2

[Event "Wroclaw"]
[Site "?"]
[Date "2020.08.25"]
[Round "4.4"]
[White "Nowak, Mikolaj"]
[Black "Musial, Tomasz"]
[Result "1/2-1/2"]
[BlackElo "1958"]
[WhiteElo "2200"]
[LiveChessVersion "1.4.8"]

1. e4 e6 2. Qe2 c5 3. b3 Nc6 4. Nf3 Nge7 5. Bb2 d5 6. exd5 exd5 7. d4 Bg4 8. dxc5
Qa5+ 9. c3 Qxc5 10. Nbd2 O-O-O 11. h3 Bh5 12. Qb5 Ng8 13. Qxc5 Bxc5 14. Bb5 Nf6
15. O-O Ne4 16. a4 a6 17. Bd3 Rhe8 18. b4 Bb6 19. a5 Ba7 20. Nb3 Bxf3 21. gxf3
Ng5 22. Kg2 Ne6 23. Bc1 Ne5 24. Bc2 Ng6 25. Bxg6 hxg6 26. Be3 Bb8 27. Rad1 Nf4+
28. Bxf4 Bxf4 29. Rfe1 Re5 30. Rxe5 Bxe5 31. Rd3 Kc7 32. Nd4 Bxd4 1/2-1/2

[Event "Wroclaw"]
[Site "?"]
[Date "2020.08.25"]
[Round "4.5"]
[White "Bojczewski, Mateusz"]
[Black "Fus, Jakub"]
[Result "1/2-1/2"]
[BlackElo "2191"]
[WhiteElo "1706"]
[LiveChessVersion "1.4.8"]

1. e4 c6 2. d4 d5 3. Nc3 dxe4 4. Nxe4 Nd7 5. c3 Ngf6 6. Nxf6+ Nxf6 7. Bd3 Bg4 8.
Nf3 Qd5 9. Be2 e6 10. O-O Be7 11. Ne5 Bxe2 12. Qxe2 O-O 13. Bg5 h6 14. Bh4 Rfe8
15. Qf3 Rac8 16. Rfe1 b5 17. Bxf6 Qxf3 18. Nxf3 gxf6 19. Rad1 Red8 20. b3 c5 21.
d5 Kf8 22. dxe6 Rxd1 23. Rxd1 fxe6 24. Kf1 a5 25. Ke2 c4 26. bxc4 Rxc4 27. Nd4
Rxc3 28. Nxb5 Rc5 29. Nd4 Kf7 30. Rd2 Rc4 31. Kd3 Ra4 32. Rc2 Bd6 33. h3 Bf4 34.
g3 Be5 35. Nc6 Bd6 36. Nd4 Ra3+ 37. Kc4 Bf8 38. Nc6 e5 39. Kb5 a4 40. Na5 e4 41.
Nc4 Rf3 42. Kxa4 Ke6 43. Kb5 Rf5+ 44. Ka4 Bc5 45. Re2 Kd5 46. Nd2 Rxf2 47. Nxe4
Rxe2 48. Nc3+ Kd4 49. Nxe2+ Ke3 50. Kb5 Ba3 51. Nf4 Kf3 52. Kc4 Kxg3 53. Nh5+
Kxh3 54. Nxf6 Bb2 55. Ne4 Kg4 56. Kd3 Kf4 57. Ke2 Kxe4 58. Kf2 Ba3 59. Kg3 Kf5
60. Kg2 Kg4 61. Kh1 h5 62. Kg1 h4 63. Kh1 Kg3 64. Kg1 h3 65. Kh1 Bc5 66. a4 Bd4
67. a5 Be3 68. a6 Ba7 1/2-1/2

[Event "Wroclaw"]
[Site "?"]
[Date "2020.08.25"]
[Round "4.6"]
[White "Wierzbicki, Michal"]
[Black "Golenia, Jan"]
[Result "0-1"]
[BlackElo "2033"]
[WhiteElo "1700"]
[LiveChessVersion "1.4.8"]

1. d4 {[%clk 0:15:17]} e6 {[%clk 0:15:19]} 2. Nf3 {[%clk 0:15:24]} b6
{[%clk 0:15:27]} 3. c4 {[%clk 0:15:05]} Bb7 {[%clk 0:15:36]} 4. a3
{[%clk 0:15:05]} Be7 {[%clk 0:15:17]} 5. Nc3 {[%clk 0:15:01]} f5 {[%clk 0:15:01]}
6. d5 {[%clk 0:12:58]} Nf6 {[%clk 0:14:28]} 7. dxe6 {[%clk 0:12:20]} dxe6
{[%clk 0:14:36]} 8. Qxd8+ {[%clk 0:12:00]} Bxd8 {[%clk 0:14:41]} 9. Bf4
{[%clk 0:11:33]} h6 {[%clk 0:13:48]} 10. h4 {[%clk 0:11:00]} Nbd7
{[%clk 0:12:34]} 11. Ne5 {[%clk 0:08:14]} Nxe5 {[%clk 0:11:46]} 12. Bxe5
{[%clk 0:08:22]} Ng4 {[%clk 0:11:42]} 13. Bf4 {[%clk 0:07:44]} e5
{[%clk 0:11:27]} 14. Bd2 {[%clk 0:07:53]} Nf6 {[%clk 0:09:33]} 15. Rg1
{[%clk 0:06:14]} a6 {[%clk 0:07:55]} 16. g3 {[%clk 0:05:54]} Be7 {[%clk 0:07:47]}
17. Bh3 {[%clk 0:05:46]} g6 {[%clk 0:07:29]} 18. O-O-O {[%clk 0:05:41]} Bc5
{[%clk 0:06:03]} 19. Be1 {[%clk 0:04:17]} h5 {[%clk 0:05:48]} 20. Bg2
{[%clk 0:04:04]} e4 {[%clk 0:05:31]} 21. Na4 {[%clk 0:02:54]} Bd6
{[%clk 0:05:32]} 22. Nxb6 {[%clk 0:02:51]} Rd8 {[%clk 0:03:58]} 23. Na4
{[%clk 0:02:59]} Bc6 {[%clk 0:04:02]} 24. Nc3 {[%clk 0:03:04]} Kf7
{[%clk 0:04:06]} 25. Bd2 {[%clk 0:00:27]} Bc5 {[%clk 0:04:15]} 26. e3
{[%clk 0:00:15]} Ng4 {[%clk 0:04:15]} 27. Rdf1 {[%clk 0:00:11]} Ne5
{[%clk 0:04:19]} 28. Be1 {[%clk 0:00:11]} Nxc4 {[%clk 0:04:21]} 0-1

[Event "Wroclaw"]
[Site "?"]
[Date "2020.08.25"]
[Round "4.7"]
[White "Psyk, Radoslaw"]
[Black "Posluszny, Tomasz"]
[Result "1-0"]
[BlackElo "1759"]
[WhiteElo "2236"]
[LiveChessVersion "1.4.8"]

1. e4 {[%clk 0:15:18]} c5 {[%clk 0:15:17]} 2. Nc3 {[%clk 0:15:25]} e6
{[%clk 0:15:25]} 3. f4 {[%clk 0:15:22]} d5 {[%clk 0:15:30]} 4. Nf3
{[%clk 0:15:29]} dxe4 {[%clk 0:15:34]} 5. Nxe4 {[%clk 0:15:35]} Nc6
{[%clk 0:15:43]} 6. Bb5 {[%clk 0:13:44]} Bd7 {[%clk 0:15:52]} 7. d3
{[%clk 0:10:54]} Qa5+ {[%clk 0:14:36]} 8. Nc3 {[%clk 0:11:02]} a6
{[%clk 0:14:36]} 9. Bxc6 {[%clk 0:11:00]} Bxc6 {[%clk 0:14:45]} 10. O-O
{[%clk 0:11:03]} Nf6 {[%clk 0:13:47]} 11. f5 {[%clk 0:10:06]} Bd6
{[%clk 0:10:50]} 12. fxe6 {[%clk 0:08:30]} fxe6 {[%clk 0:09:08]} 13. Ng5
{[%clk 0:08:38]} Qc7 {[%clk 0:06:01]} 14. Nxe6 {[%clk 0:06:48]} Bxh2+
{[%clk 0:05:56]} 15. Kh1 {[%clk 0:06:57]} Qg3 {[%clk 0:05:29]} 16. Qe2
{[%clk 0:06:49]} Qh4 {[%clk 0:02:35]} 17. Bg5 {[%clk 0:06:16]} Qh3
{[%clk 0:00:58]} 18. Nf4+ {[%clk 0:06:04]} 1-0